000
00306nam a2200121Ia 4500
008
231129s2002||||xx |||||||||||||| ||spa||
040
_b
spa
082
_a
R 343.052424 M294 2002
245
0
_a
Manual de retencion en la fuente legis.
260
_c
2002
264
_a
Legis Editores S.A..
942
_2
ddc
_c
BKS
999
_c
20449
_d
20449